Movies Quiz

Random Movies Quiz

Mixed Word: Godzilla Movie Monsters Quiz Stats

Quiz not verified by Sporcle

Challenge
Share
Tweet
Embed
Score 0/10 Timer 05:00
0 Plays Today
Hint Answer % Correct
amrtohMothra
92%
zlagdloiGodzilla
90.7%
ihorgadhGhidorah
88.7%
nmdaaManda
86.7%
rurosasuogGorosaurus
79.3%
naoagrbBaragon
74.7%
liobletnaBiollante
72.7%
ahhdoerHedorah
70.7%
aagrabGabara
70%
nlaimilMinilla
63.3%

You're not logged in!

Compare scores with friends on all Sporcle quizzes.
Sign Up with Email
OR
Log In

You Might Also Like...

Show Comments

Extras

Top Quizzes Today


Score Distribution

Your Account Isn't Verified!

In order to create a playlist on Sporcle, you need to verify the email address you used during registration. Go to your Sporcle Settings to finish the process.